[Event "HEM C-Turnier"]
[Site "Frankfurt-Zeilsheim"]
[Date "2018.05.11"]
[Round "3.6"]
[White "Menz, Sebastian"]
[Black "Arnold, Aaron"]
[Result "1/2-1/2"]
[WhiteElo "1265"]
[BlackElo "1339"]
[PlyCount "69"]
[EventDate "2018.??.??"]
[EventType "swiss"]
[EventRounds "7"]
[EventCountry "GER"]
[WhiteTeam "SC Ehrenberg"]
[BlackTeam "SC Frankfurt-West"]

1. d4 b6 2. e4 Bb7 3. Nc3 e6 4. Nf3 Bb4 5. Bd3 Nf6 6. Bg5 Be7 7. O-O d6 8. Re1
Nbd7 9. Bb5 a6 10. Bc4 b5 11. Bd3 O-O 12. Rc1 c5 13. b3 Rc8 14. e5 dxe5 15.
dxe5 Ng4 16. Bf4 f6 17. exf6 Bxf6 18. Ne4 Bxe4 19. Rxe4 e5 20. Bg3 Nh6 21. Nxe5
Nxe5 22. Bxe5 Bxe5 23. Rxe5 Qf6 24. Qe1 Ng4 25. Rf5 Qh4 26. h3 Rfe8 27. Qd2 Nf6
28. Rf3 Rcd8 29. Qf4 Qxf4 30. Rxf4 Nd5 31. Rf5 Rf8 32. Rxf8+ Rxf8 33. c4 Nf4
34. Bf1 b4 35. g3 1/2-1/2

[Event "HEM C-Turnier"]
[Site "Frankfurt-Zeilsheim"]
[Date "2018.05.11"]
[Round "3.7"]
[White "Arnold, Jan"]
[Black "Fuchs, Christofer"]
[Result "0-1"]
[WhiteElo "1441"]
[BlackElo "1265"]
[PlyCount "78"]
[EventDate "2018.??.??"]
[EventType "swiss"]
[EventRounds "7"]
[EventCountry "GER"]
[WhiteTeam "SC Frankfurt-West"]
[BlackTeam "SC Bad Soden"]

1. e4 e5 2. Nf3 Nc6 3. Bb5 a6 4. Ba4 d6 5. c3 f5 6. Bc2 Nh6 7. d4 Qf6 8. Bg5
Qg6 9. Nbd2 f4 10. d5 Ne7 11. Qe2 Bd7 12. O-O-O Nc8 13. g3 fxg3 14. fxg3 Be7
15. Bxe7 Nxe7 16. Rdf1 O-O 17. Bd1 Bh3 18. Re1 Rf6 19. Qd3 Raf8 20. Qc4 R6f7
21. Qd3 Ng4 22. Rhg1 Qh6 23. Kb1 Nf2 24. Qe3 Nxd1 25. Qxh6 Nxc3+ 26. bxc3 gxh6
27. Re3 Bg4 28. Rf1 Nc8 29. Kc2 b5 30. Kb3 Nb6 31. Rd3 Nc4 32. Nxc4 bxc4+ 33.
Kxc4 Rxf3 34. Rdxf3 Bxf3 35. Re1 Rb8 36. Re3 Bg4 37. a3 Kf7 38. Re1 Ke7 39. Rc1
Be2# 0-1

[Event "HEM C-Turnier"]
[Site "Frankfurt-Zeilsheim"]
[Date "2018.05.11"]
[Round "3.8"]
[White "Schmidt, Jeremy"]
[Black "Pessotschinski, Lars"]
[Result "1-0"]
[WhiteElo "1161"]
[BlackElo "1692"]
[PlyCount "51"]
[EventDate "2018.??.??"]
[EventType "swiss"]
[EventRounds "7"]
[EventCountry "GER"]
[WhiteTeam "SG Rödermark"]
[BlackTeam "TuS Makkabi"]

1. d4 Nf6 2. c4 g6 3. Nf3 Bg7 4. Nc3 O-O 5. g3 d6 6. Bg2 Bf5 7. O-O c5 8. d5
Nbd7 9. Re1 Nb6 10. b3 Nfxd5 11. Nxd5 Bxa1 12. e4 Bd7 13. e5 dxe5 14. Nxe5 Nxd5
15. Qxd5 Bc8 16. Qxc5 Bxe5 17. Qxe5 Re8 18. Bh6 f6 19. Qe3 Bf5 20. Bxb7 Rb8 21.
Bc6 Bd7 22. h4 Bxc6 23. Qe6+ Kh8 24. Qf7 Rg8 25. Kh2 Qd2 26. Bxd2 1-0

[Event "HEM C-Turnier"]
[Site "Frankfurt-Zeilsheim"]
[Date "2018.05.11"]
[Round "3.9"]
[White "Scallan, Cillian"]
[Black "Neagu, Liviu"]
[Result "1/2-1/2"]
[WhiteElo "1134"]
[BlackElo "1562"]
[PlyCount "49"]
[EventDate "2018.??.??"]
[EventType "swiss"]
[EventRounds "7"]
[EventCountry "GER"]
[BlackTeam "SF Friedberg"]

1. e4 c5 2. Nf3 e6 3. d4 cxd4 4. Nxd4 a6 5. Nc3 Nc6 6. Be2 Nf6 7. O-O Bc5 8.
Nb3 Be7 9. a3 O-O 10. Be3 d6 11. f4 Qc7 12. Rf3 Ng4 13. Kh1 Nxe3 14. Rxe3 Bf6
15. Rh3 b5 16. Bd3 g6 17. Qd2 Bg7 18. Rf1 Ne7 19. f5 exf5 20. exf5 Nxf5 21. Nd5
Qd8 22. g4 Bb7 23. Bxf5 gxf5 24. gxf5 Qf6 25. Kg1 1/2-1/2

[Event "HEM C-Turnier"]
[Site "Frankfurt-Zeilsheim"]
[Date "2018.05.11"]
[Round "3.10"]
[White "Mueller, Darius"]
[Black "Graef, Kilian Gabriel"]
[Result "0-1"]
[WhiteElo "928"]
[BlackElo "1523"]
[PlyCount "90"]
[EventDate "2018.??.??"]
[EventType "swiss"]
[EventRounds "7"]
[EventCountry "GER"]
[WhiteTeam "SC Ehrenberg"]
[BlackTeam "SV Frankfurt Nord"]

1. d4 Nf6 2. Nf3 g6 3. e3 Bg7 4. b3 O-O 5. Bd3 Nc6 6. O-O d6 7. Bb2 Bg4 8. Nbd2
Re8 9. Be2 Qd7 10. c4 e5 11. d5 Ne7 12. Nh4 Bxe2 13. Qxe2 Rac8 14. Ndf3 e4 15.
Nd2 g5 16. Nhf3 exf3 17. Nxf3 Qf5 18. Nd4 Qg4 19. Qxg4 Nxg4 20. h3 Ne5 21. Rad1
a6 22. Ne2 N5g6 23. Bxg7 Kxg7 24. Ng3 f6 25. Nh5+ Kf7 26. g3 Nf5 27. Rfe1 Ng7
28. Nxg7 Kxg7 29. Rd2 h5 30. a4 Ne5 31. Kg2 g4 32. hxg4 hxg4 33. Rh1 Rh8 34.
Rxh8 Rxh8 35. Rd4 Nf3 36. Rd1 Rh2+ 37. Kf1 Rh1+ 38. Ke2 Rxd1 39. Kxd1 f5 40.
Ke2 Kf6 41. Kd3 Ke5 42. b4 b6 43. b5 a5 44. Kc3 Ng5 45. Kd3 Ne4 0-1

[Event "HEM C-Turnier"]
[Site "Frankfurt-Zeilsheim"]
[Date "2018.05.11"]
[Round "3.11"]
[White "Von Beckh, Frieda"]
[Black "Ruppert, Henry"]
[Result "0-1"]
[WhiteElo "1262"]
[BlackElo "1181"]
[PlyCount "74"]
[EventDate "2018.??.??"]
[EventType "swiss"]
[EventRounds "7"]
[EventCountry "GER"]
[WhiteTeam "SC Eschborn"]
[BlackTeam "SC Flörsheim"]

1. e4 d5 2. exd5 Qxd5 3. Nc3 Qa5 4. d4 Nf6 5. Nf3 Bg4 6. h3 Bh5 7. Be2 c6 8.
Bf4 e6 9. O-O Nbd7 10. a3 Be7 11. Re1 O-O 12. Ne5 Bxe2 13. Rxe2 Nxe5 14. Bxe5
b5 15. Re3 Rfd8 16. Qf3 c5 17. Rd1 Qb6 18. Qf4 Nd5 19. Nxd5 Rxd5 20. Rg3 g6 21.
Qh6 Bf8 22. Qf4 Bg7 23. Bc7 Qc6 24. Rf3 Rf5 25. Qd6 Qxd6 26. Bxd6 Rxf3 27. gxf3
Bxd4 28. c3 Rd8 29. cxd4 Rxd6 30. Rc1 cxd4 31. Rc8+ Kg7 32. Ra8 d3 33. Rxa7 d2
34. Rb7 d1=Q+ 35. Kg2 Rd5 36. a4 Rg5+ 37. Kh2 Qg1# 0-1

[Event "HEM C-Turnier"]
[Site "Frankfurt-Zeilsheim"]
[Date "2018.05.11"]
[Round "3.12"]
[White "Willand, Mattis"]
[Black "Kasiman, Alexander"]
[Result "0-1"]
[WhiteElo "1261"]
[BlackElo "1139"]
[PlyCount "90"]
[EventDate "2018.??.??"]
[EventType "swiss"]
[EventRounds "7"]
[EventCountry "GER"]
[WhiteTeam "SC FK Babenhausen"]
[BlackTeam "SV Ffm-Griesheim"]

1. c4 Nf6 2. Nc3 d5 3. cxd5 Nxd5 4. g3 Bf5 5. Bg2 c6 6. Qb3 Nb6 7. d3 N8d7 8.
Nf3 e5 9. e4 Be6 10. Qc2 Nc5 11. O-O Bd6 12. Be3 Qc7 13. d4 Ncd7 14. Rac1 Nc4
15. Rfd1 Nxe3 16. fxe3 Bg4 17. Rd2 O-O 18. Qd3 Rad8 19. Rdd1 Rfe8 20. d5 c5 21.
Nb5 Qb6 22. Nxd6 Qxd6 23. Rf1 a6 24. Rc2 b5 25. h3 Bxf3 26. Bxf3 f6 27. Bg4 c4
28. Qe2 Nc5 29. Qf3 Re7 30. h4 Rf8 31. Bh3 Rff7 32. g4 g5 33. Qf5 gxh4 34. Rf3
Nd3 35. Bf1 Ne1 36. Rh2 Nxf3+ 37. Qxf3 Rg7 38. Rxh4 Qd7 39. Bh3 Qd6 40. Kh2
Ref7 41. Rh6 Rg5 42. Rh5 Rfg7 43. Rh6 R7g6 44. Rh5 Kg7 45. Rxg5 fxg5 0-1

[Event "HEM C-Turnier"]
[Site "Frankfurt-Zeilsheim"]
[Date "2018.05.11"]
[Round "3.13"]
[White "Gertel, Josef"]
[Black "Fuchs, Henrik"]
[Result "1-0"]
[WhiteElo "1227"]
[BlackElo "1099"]
[PlyCount "93"]
[EventDate "2018.??.??"]
[EventType "swiss"]
[EventRounds "7"]
[EventCountry "GER"]
[WhiteTeam "SC Frankfurt-West"]
[BlackTeam "SC Bad Soden"]

1. e4 e5 2. Nf3 Nc6 3. Bc4 Nf6 4. d3 Be7 5. c3 d6 6. Bb3 Bg4 7. h3 Bh5 8. Nbd2
O-O 9. Nf1 d5 10. Ng3 dxe4 11. dxe4 Bxf3 12. Qxf3 Qd7 13. O-O Rad8 14. Rd1 Qc8
15. Bg5 Na5 16. Bc2 Qe6 17. Nh5 Nxh5 18. Bxe7 Qxe7 19. Qxh5 Rxd1+ 20. Rxd1 Nc4
21. b3 Nd6 22. a4 Qe6 23. Qg5 Qg6 24. Qxe5 Re8 25. Qd5 h6 26. f3 Qf6 27. c4 Rd8
28. e5 c6 29. exf6 cxd5 30. Rxd5 gxf6 31. c5 Rc8 32. Rxd6 Rxc5 33. Bd3 Rc3 34.
Bc4 Kg7 35. Rd7 Rc1+ 36. Kf2 Rc2+ 37. Kg3 Kg6 38. Rxb7 f5 39. Rxa7 h5 40. Rxf7
Kg5 41. h4+ Kg6 42. Rc7 f4+ 43. Kxf4 Rxg2 44. a5 Ra2 45. a6 Kh6 46. a7 Kg6 47.
Bd5 1-0

[Event "HEM C-Turnier"]
[Site "Frankfurt-Zeilsheim"]
[Date "2018.05.11"]
[Round "3.14"]
[White "Bernath, Markus"]
[Black "Lassek, Bjarne"]
[Result "1-0"]
[WhiteElo "1224"]
[BlackElo "993"]
[PlyCount "47"]
[EventDate "2018.??.??"]
[EventType "swiss"]
[EventRounds "7"]
[EventCountry "GER"]
[WhiteTeam "SC Heuchelheim"]
[BlackTeam "SC Nied"]

1. e4 e5 2. Nf3 Nc6 3. Bc4 Bc5 4. b4 Bxb4 5. c3 Ba5 6. O-O Nf6 7. d4 Nxe4 8.
Re1 Nxc3 9. Nxe5 O-O 10. Nxf7 Rxf7 11. Bxf7+ Kxf7 12. Nxc3 Qf6 13. Qh5+ Qg6 14.
Qd5+ Kf8 15. Ba3+ d6 16. Re3 Bb4 17. Rf3+ Ke8 18. Re1+ Kd7 19. Bxb4 Nxb4 20.
Qb5+ Nc6 21. d5 a6 22. dxc6+ Kd8 23. Rf8+ Qe8 24. Rfxe8# 1-0

[Event "HEM C-Turnier"]
[Site "Frankfurt-Zeilsheim"]
[Date "2018.05.11"]
[Round "3.16"]
[White "Politoukhin, Nikolaj"]
[Black "Edelmann, Viktor"]
[Result "0-1"]
[WhiteElo "893"]
[BlackElo "967"]
[PlyCount "70"]
[EventDate "2018.??.??"]
[EventType "swiss"]
[EventRounds "7"]
[EventCountry "GER"]
[WhiteTeam "SC Flörsheim"]
[BlackTeam "SC Frankfurt-West"]

1. e4 e5 2. Nf3 Nc6 3. d4 exd4 4. Bc4 h6 5. Nxd4 Nxd4 6. Qxd4 d6 7. b3 c5 8.
Qd5 Qe7 9. Bb2 Nf6 10. Bxf6 gxf6 11. f3 Bg7 12. Qd3 Qe5 13. O-O f5 14. c3 a6
15. f4 Qf6 16. e5 dxe5 17. Re1 e4 18. a4 O-O 19. Qg3 Kh7 20. Ra3 a5 21. Rd1 Re8
22. Rd5 b6 23. Bb5 Be6 24. Rd6 Red8 25. Rd2 Rxd2 26. Nxd2 Qxc3 27. Qxc3 Bxc3
28. Bc6 Rd8 29. Nc4 Rd1+ 30. Kf2 Bxc4 31. bxc4 Bd4+ 32. Ke2 Rc1 33. Bb5 Rc2+
34. Kf1 Rf2+ 35. Kg1 Ra2+ 0-1

[Event "HEM C-Turnier"]
[Site "Frankfurt-Zeilsheim"]
[Date "2018.05.11"]
[Round "3.18"]
[White "Wolff, Beate"]
[Black "Pessotschinski, Eduard"]
[Result "0-1"]
[WhiteElo "1262"]
[BlackElo "1383"]
[PlyCount "130"]
[EventDate "2018.??.??"]
[EventType "swiss"]
[EventRounds "7"]
[EventCountry "GER"]
[WhiteTeam "VSG Offenbach"]
[BlackTeam "TuS Makkabi"]

1. c4 e5 2. g3 d5 3. Bg2 Nf6 4. cxd5 Nxd5 5. Nc3 Be6 6. Nf3 Nc6 7. O-O Qd7 8.
Ng5 Nf6 9. Nxe6 Qxe6 10. d3 O-O-O 11. Be3 h5 12. Qa4 a6 13. Ne4 Nxe4 14. Bxe4
h4 15. Bxc6 Qxc6 16. Qxc6 bxc6 17. Rac1 Kb7 18. h3 f6 19. Rc4 hxg3 20. Kg2 gxf2
21. Bxf2 Bd6 22. e4 Be7 23. Bg3 Rxd3 24. Rfc1 Rd2+ 25. Bf2 Rxb2 26. Rxc6 Bd6
27. a4 Rb4 28. R6c4 Rxc4 29. Rxc4 Rc8 30. h4 g5 31. Kg3 gxh4+ 32. Kxh4 Rg8 33.
Kh5 Rg5+ 34. Kh4 Be7 35. Be3 Rg8 36. Kh5 Rg3 37. Bf2 Rg5+ 38. Kh4 Rg2 39. Be3
f5+ 40. Kh3 Re2 41. Bc5 Bxc5 42. Rxc5 Rxe4 43. a5 c6 44. Kg3 Kc7 45. Kf3 Kd6
46. Rc2 Ra4 47. Rd2+ Ke6 48. Rc2 Rxa5 49. Rxc6+ Kd5 50. Rf6 Ra3+ 51. Ke2 f4 52.
Rf5 a5 53. Kd2 a4 54. Kc2 Rb3 55. Rf7 f3 56. Rf5 Kd4 57. Rh5 e4 58. Ra5 Rc3+
59. Kb2 f2 60. Rxa4+ Rc4 61. Ra1 e3 62. Rd1+ Ke4 63. Kb3 Rc8 64. Ra1 e2 65.
Ra4+ Kf3 0-1

[Event "HEM C-Turnier"]
[Site "Frankfurt-Zeilsheim"]
[Date "2018.05.11"]
[Round "3.19"]
[White "Goodwin, David"]
[Black "Graef, Britta"]
[Result "1-0"]
[WhiteElo "1539"]
[BlackElo "856"]
[PlyCount "61"]
[EventDate "2018.??.??"]
[EventType "swiss"]
[EventRounds "7"]
[EventCountry "GER"]
[WhiteTeam "SV Kelsterbach"]
[BlackTeam "SV Frankfurt Nord"]

1. Nf3 d6 2. g3 g6 3. Bg2 Bg7 4. d3 Nf6 5. Nbd2 O-O 6. O-O Nbd7 7. c4 c6 8. Rb1
Rb8 9. b4 b5 10. Nd4 Rb6 11. Nxc6 Qc7 12. Na5 Ne5 13. a3 d5 14. cxd5 Nxd5 15.
Bxd5 Rd6 16. Bg2 a6 17. Bb2 Bf5 18. Ne4 Re6 19. Rc1 Qb6 20. Nc5 Rd6 21. Qb3 Bg4
22. f3 Bh6 23. Rc2 Be3+ 24. Kh1 Rf6 25. Bxe5 Rf5 26. fxg4 Rxe5 27. Nd7 Qe6 28.
Qxe6 fxe6 29. Rxf8+ Kg7 30. Rcc8 Rd5 31. Bxd5 1-0

[Event "HEM C-Turnier"]
[Site "Frankfurt-Zeilsheim"]
[Date "2018.05.11"]
[Round "3.20"]
[White "Kleingarn, Frederik"]
[Black "Coskun, Eray"]
[Result "0-1"]
[WhiteElo "1010"]
[BlackElo "839"]
[PlyCount "68"]
[EventDate "2018.??.??"]
[EventType "swiss"]
[EventRounds "7"]
[EventCountry "GER"]
[WhiteTeam "SC Nied"]
[BlackTeam "SC Flörsheim"]

1. e4 e5 2. Nf3 Nc6 3. Bc4 Nf6 4. Ng5 d5 5. exd5 Na5 6. Be2 Nxd5 7. Ne4 Nf6 8.
d3 Bf5 9. Nbc3 Bb4 10. Nxf6+ Qxf6 11. Bd2 Nc6 12. Nd5 Qd6 13. Bxb4 Qxd5 14. c4
Qxg2 15. Bf3 Qg6 16. Bh5 Qh6 17. Bd2 Qd6 18. Qf3 Nd4 19. Qd1 Bxd3 20. Qa4+ c6
21. Rc1 O-O 22. Be3 Rfe8 23. Bxd4 exd4+ 24. Kd1 Qe5 25. Bg4 Be2+ 26. Kd2 Bxg4
27. Rhe1 Qg5+ 28. Kc2 b5 29. Qb3 Re7 30. Rxe7 Qxe7 31. cxb5 Rc8 32. bxc6 Rxc6+
33. Kd3 Rxc1 34. f4 Qe3# 0-1

[Event "HEM C-Turnier"]
[Site "Frankfurt-Zeilsheim"]
[Date "2018.05.11"]
[Round "4.2"]
[White "Doehne, Vincent"]
[Black "Schaefer, Jessica"]
[Result "1-0"]
[WhiteElo "1296"]
[BlackElo "1461"]
[PlyCount "39"]
[EventDate "2018.??.??"]
[EventType "swiss"]
[EventRounds "7"]
[EventCountry "GER"]
[WhiteTeam "SC Hattersheim"]
[BlackTeam "SK Turm Bad Hersfeld"]

1. e4 c5 2. Nc3 Nc6 3. f4 d6 4. Nf3 g6 5. Bb5 Bd7 6. Bxc6 Bxc6 7. d3 Bg7 8. O-O
e6 9. Qe1 Nf6 10. Qh4 O-O 11. Ng5 e5 12. fxe5 dxe5 13. Rxf6 h6 14. Rf3 Bd7 15.
Nd5 Be6 16. Be3 b6 17. Raf1 Rb8 18. Nf6+ Kh8 19. Nxe6 fxe6 20. Bxh6 1-0

[Event "HEM C-Turnier"]
[Site "Frankfurt-Zeilsheim"]
[Date "2018.05.11"]
[Round "4.3"]
[White "Fuchs, Christofer"]
[Black "Shehab, Tarek"]
[Result "1/2-1/2"]
[WhiteElo "1265"]
[BlackElo "1218"]
[PlyCount "100"]
[EventDate "2018.??.??"]
[EventType "swiss"]
[EventRounds "7"]
[EventCountry "GER"]
[WhiteTeam "SC Bad Soden"]
[BlackTeam "SF Korbach"]

1. e4 e5 2. Nf3 Nc6 3. d4 exd4 4. Bc4 d6 5. Nxd4 Bd7 6. Nc3 Be7 7. Qh5 g6 8.
Nxc6 Bxc6 9. Qf3 Nf6 10. Bh6 Qd7 11. O-O-O Qg4 12. Rhe1 Qxf3 13. gxf3 Nd7 14.
f4 Bf8 15. Bg5 Bg7 16. Nd5 Bxd5 17. exd5+ Kf8 18. Re7 Nb6 19. Bb5 f6 20. Bxf6
Bxf6 21. Rxc7 Rb8 22. b3 Bd8 23. Rc3 a6 24. Bf1 Rc8 25. Re3 Bh4 26. Re6 Rd8 27.
f3 Kg7 28. Bh3 Rhe8 29. f5 gxf5 30. Bxf5 Rxe6 31. dxe6 h5 32. Rd4 Bf2 33. Re4
Nd5 34. c4 Ne7 35. Bh3 Kf6 36. Rf4+ Kg6 37. Rf7 Be3+ 38. Kc2 Bg5 39. f4 Bf6 40.
f5+ Nxf5 41. Rxb7 Re8 42. Bxf5+ Kxf5 43. Rb6 Rxe6 44. Rxa6 Be7 45. Kd3 Kg4 46.
c5 Re5 47. c6 Rd5+ 48. Kc4 Rc5+ 49. Kd3 Rd5+ 50. Kc4 Rc5+ 1/2-1/2

[Event "HEM C-Turnier"]
[Site "Frankfurt-Zeilsheim"]
[Date "2018.05.11"]
[Round "4.4"]
[White "Klein, Simon"]
[Black "Graef, Kilian Gabriel"]
[Result "0-1"]
[WhiteElo "1383"]
[BlackElo "1523"]
[PlyCount "66"]
[EventDate "2018.??.??"]
[EventType "swiss"]
[EventRounds "7"]
[EventCountry "GER"]
[WhiteTeam "SK Hungen"]
[BlackTeam "SV Frankfurt Nord"]

1. d4 Nf6 2. Bf4 g6 3. Nc3 Bg7 4. e4 d6 5. h4 h5 6. Nf3 Bg4 7. Be2 Nbd7 8. e5
dxe5 9. dxe5 Nh7 10. Nb5 c6 11. Nc7+ Qxc7 12. e6 Ne5 13. exf7+ Kxf7 14. Nxe5+
Bxe5 15. Bxe5 Qxe5 16. f3 Qg3+ 17. Kf1 Rhf8 18. fxg4 Kg7+ 19. Bf3 hxg4 20. Qd4+
Rf6 21. Re1 Kf7 22. Re3 gxf3 23. gxf3 Rxf3+ 24. Rxf3+ Qxf3+ 25. Kg1 Nf6 26. Rh2
Rh8 27. Rf2 Qg3+ 28. Kf1 Rxh4 29. Rxf6+ exf6 30. Qd7+ Kg8 31. Qe6+ Kg7 32. Qe7+
Kh6 33. Qxf6 Rf4+ 0-1

[Event "HEM C-Turnier"]
[Site "Frankfurt-Zeilsheim"]
[Date "2018.05.11"]
[Round "4.5"]
[White "Mitsiioannou, Antonios"]
[Black "Schmidt, Jeremy"]
[Result "1-0"]
[WhiteElo "1430"]
[BlackElo "1161"]
[PlyCount "121"]
[EventDate "2018.??.??"]
[EventType "swiss"]
[EventRounds "7"]
[EventCountry "GER"]
[WhiteTeam "SV Ffm-Griesheim"]
[BlackTeam "SG Rödermark"]

1. e4 c5 2. f4 Nc6 3. Nc3 d6 4. Nf3 g6 5. Bc4 Bg7 6. h3 e6 7. a3 Nge7 8. d3 b6
9. Bd2 Bb7 10. Qe2 Qc7 11. Ng5 Nd4 12. Qd1 O-O 13. Nb5 Nxb5 14. Bxb5 d5 15. Qe2
Bxb2 16. Ra2 Bg7 17. c3 a6 18. Ba4 b5 19. Bc2 Rad8 20. O-O d4 21. cxd4 Bxd4+
22. Kh1 Bg7 23. Rc1 h6 24. Nf3 f5 25. Bb3 Rd6 26. Rac2 Rc6 27. Be3 Bd4 28. Bxd4
cxd4 29. Nxd4 Rxc2 30. Rxc2 Qb6 31. Nxe6 Rb8 32. Nc5+ Kg7 33. Nd7 Qd6 34. Nxb8
Qxb8 35. exf5 Nxf5 36. Qe5+ Qxe5 37. fxe5 Nd4 38. Rc7+ Kf8 39. Rxb7 Nxb3 40.
Rb6 Nc5 41. Rxg6 Nxd3 42. Rxh6 Nxe5 43. Rxa6 Nc4 44. g4 Kg7 45. Kg2 Ne3+ 46.
Kg3 Nf1+ 47. Kf4 Nd2 48. Rb6 Nc4 49. Rxb5 Nxa3 50. Ra5 Nc4 51. Ra7+ Kg6 52. h4
Nd2 53. Ra6+ Kg7 54. h5 Nc4 55. g5 Nb2 56. Kf5 Nc4 57. h6+ Kh7 58. Ra7+ Kg8 59.
g6 Nd6+ 60. Ke6 Ne4 61. Ra8# 1-0

[Event "HEM C-Turnier"]
[Site "Frankfurt-Zeilsheim"]
[Date "2018.05.11"]
[Round "4.6"]
[White "Jayakumar, Sharun"]
[Black "Doehne, Michael"]
[Result "1/2-1/2"]
[WhiteElo "1212"]
[BlackElo "1363"]
[PlyCount "43"]
[EventDate "2018.??.??"]
[EventType "swiss"]
[EventRounds "7"]
[EventCountry "GER"]
[WhiteTeam "SV Ffm-Griesheim"]
[BlackTeam "SC Hattersheim"]

1. e4 e5 2. Nf3 Nf6 3. Nc3 Bb4 4. Nd5 Nxd5 5. exd5 e4 6. Nd4 Qf6 7. Nb5 Na6 8.
c3 Bc5 9. d4 Bb6 10. Qg4 O-O 11. Qxe4 c6 12. Bd3 g6 13. Bh6 cxb5 14. Bxf8 Kxf8
15. Bxb5 Nc7 16. Bc4 d6 17. O-O Bf5 18. Qf4 g5 19. Qf3 Qg6 20. Rfe1 a6 21. Re2
Kg7 22. Rae1 1/2-1/2

[Event "HEM C-Turnier"]
[Site "Frankfurt-Zeilsheim"]
[Date "2018.05.11"]
[Round "4.7"]
[White "Arnold, Aaron"]
[Black "Bernath, Markus"]
[Result "0-1"]
[WhiteElo "1339"]
[BlackElo "1224"]
[PlyCount "50"]
[EventDate "2018.??.??"]
[EventType "swiss"]
[EventRounds "7"]
[EventCountry "GER"]
[WhiteTeam "SC Frankfurt-West"]
[BlackTeam "SC Heuchelheim"]

1. d4 d5 2. e4 e6 3. Nc3 c5 4. dxc5 Bxc5 5. exd5 Nf6 6. Bg5 exd5 7. Bxf6 Qxf6
8. Qe2+ Kd8 9. Qf3 Qxf3 10. Nxf3 d4 11. Nb5 Nc6 12. Be2 Re8 13. Nfxd4 Nxd4 14.
Nxd4 Bd7 15. Nb3 Rc8 16. Rd1 Re7 17. Rd2 Ke8 18. O-O Kf8 19. Rfd1 Bb6 20. Bf3
Rce8 21. g3 Bh3 22. Rf1 Bxf1 23. Kxf1 Rd8 24. Rxd8+ Bxd8 25. Bxb7 Rxb7 0-1

[Event "HEM C-Turnier"]
[Site "Frankfurt-Zeilsheim"]
[Date "2018.05.11"]
[Round "4.8"]
[White "Ruppert, Henry"]
[Black "Menz, Sebastian"]
[Result "0-1"]
[WhiteElo "1181"]
[BlackElo "1265"]
[PlyCount "72"]
[EventDate "2018.??.??"]
[EventType "swiss"]
[EventRounds "7"]
[EventCountry "GER"]
[WhiteTeam "SC Flörsheim"]
[BlackTeam "SC Ehrenberg"]

1. e4 e5 2. Nf3 d6 3. c3 Be6 4. Bb5+ c6 5. Ba4 Nf6 6. d3 Nbd7 7. O-O Be7 8.
Nbd2 Nc5 9. Bc2 O-O 10. Re1 Nh5 11. b4 Nd7 12. Nxe5 Nxe5 13. Qxh5 Bg5 14. Qh3
Bxh3 15. gxh3 Bf6 16. f4 Nd7 17. Nf3 Bxc3 18. Bd2 Bxa1 19. Rxa1 Re8 20. Kh1 Re7
21. Bc3 d5 22. Rg1 g6 23. h4 dxe4 24. dxe4 Qc7 25. f5 Qf4 26. Ne1 Qxh4 27. fxg6
hxg6 28. Bb3 Qxe4+ 29. Rg2 Ne5 30. Kg1 Qe3+ 31. Kh1 Qxc3 32. Nc2 Qf3 33. Nd4
Qe4 34. Ne2 Nd3 35. Ng3 Qf3 36. h3 Ne1 0-1

[Event "HEM C-Turnier"]
[Site "Frankfurt-Zeilsheim"]
[Date "2018.05.11"]
[Round "4.9"]
[White "Kasiman, Alexander"]
[Black "Gertel, Josef"]
[Result "1/2-1/2"]
[WhiteElo "1139"]
[BlackElo "1227"]
[PlyCount "100"]
[EventDate "2018.??.??"]
[EventType "swiss"]
[EventRounds "7"]
[EventCountry "GER"]
[WhiteTeam "SV Ffm-Griesheim"]
[BlackTeam "SC Frankfurt-West"]

1. e4 e5 2. Nf3 Nc6 3. Bb5 d6 4. O-O Bd7 5. d4 a6 6. Bxc6 Bxc6 7. Nc3 Qe7 8.
Re1 Nf6 9. Bg5 h6 10. Bxf6 gxf6 11. Nd5 Bxd5 12. exd5 O-O-O 13. c4 Rg8 14. Nh4
Qd7 15. dxe5 fxe5 16. Qf3 Re8 17. Qf5 Rg5 18. Qxd7+ Kxd7 19. Nf3 Rg7 20. Nh4
Rg5 21. Nf3 Rg7 22. b4 Rg4 23. Rac1 Bg7 24. Nd2 f5 25. f3 Rg5 26. c5 dxc5 27.
bxc5 Bf8 28. c6+ bxc6 29. Rxc6 Bd6 30. Rxa6 Reg8 31. Re2 h5 32. Nc4 f4 33. Nxd6
cxd6 34. Ra7+ Kc8 35. Ra8+ Kb7 36. Rxg8 Rxg8 37. Kf2 Kb6 38. Rc2 Rg6 39. Rc8
Rh6 40. g3 fxg3+ 41. hxg3 Kb5 42. Kg2 Kb6 43. g4 Rg6 44. Kg3 hxg4 45. fxg4 Kb5
46. Kf3 Rf6+ 47. Ke3 Rg6 48. Rc6 Rxg4 49. Rxd6 Kc5 50. Rd8 Rd4 1/2-1/2

[Event "HEM C-Turnier"]
[Site "Frankfurt-Zeilsheim"]
[Date "2018.05.11"]
[Round "4.10"]
[White "Edelmann, Viktor"]
[Black "Weber, Stefan"]
[Result "1-0"]
[WhiteElo "967"]
[BlackElo "1508"]
[PlyCount "61"]
[EventDate "2018.??.??"]
[EventType "swiss"]
[EventRounds "7"]
[EventCountry "GER"]
[WhiteTeam "SC Frankfurt-West"]
[BlackTeam "SF Korbach"]

1. e4 e6 2. d4 d5 3. e5 c5 4. Nf3 c4 5. b3 b5 6. Nc3 Bb4 7. Bd2 Qa5 8. Ne2 c3
9. Bc1 Nc6 10. a3 f6 11. Qd3 a6 12. g3 Bd7 13. Bh3 Rc8 14. Nf4 f5 15. Ng5 Nd8
16. Nh5 Bf8 17. O-O h6 18. Nf3 g5 19. g4 fxg4 20. Bxg4 Nf7 21. Qg6 Ke7 22. Nf6
Nxf6 23. Qxf6+ Ke8 24. Bxe6 Bxe6 25. Qxe6+ Be7 26. Qxc8+ Nd8 27. e6 Qb6 28.
Qd7+ Kf8 29. Re1 g4 30. Ne5 Rg8 31. Bxh6+ 1-0

[Event "HEM C-Turnier"]
[Site "Frankfurt-Zeilsheim"]
[Date "2018.05.11"]
[Round "4.11"]
[White "Giebitz, Walter"]
[Black "Droeser, Wolfgang"]
[Result "1/2-1/2"]
[WhiteElo "1476"]
[BlackElo "1420"]
[PlyCount "66"]
[EventDate "2018.??.??"]
[EventType "swiss"]
[EventRounds "7"]
[EventCountry "GER"]
[WhiteTeam "SC Steinbach"]
[BlackTeam "SC Sulzbach"]

1. e4 d6 2. Bc4 g6 3. Nc3 c6 4. d3 Bg7 5. Nge2 Nd7 6. f4 e6 7. O-O Ne7 8. Bd2
b5 9. Bb3 Nb6 10. a3 f5 11. Ng3 Qc7 12. Qe2 O-O 13. exf5 Nxf5 14. Bxe6+ Kh8 15.
Bxf5 Bxf5 16. Rae1 Bd7 17. b4 d5 18. Kh1 Qc8 19. h3 Bxh3 20. gxh3 Qxh3+ 21. Qh2
Qd7 22. Re2 d4 23. Nce4 Qd5 24. Ra1 Nd7 25. Kg1 h6 26. Qg2 Rac8 27. a4 a6 28.
axb5 cxb5 29. Bc1 Ra8 30. Nf2 Qf5 31. Nge4 Qe6 32. Qg4 Rf5 33. Nh3 Rg5 1/2-1/2

[Event "HEM C-Turnier"]
[Site "Frankfurt-Zeilsheim"]
[Date "2018.05.11"]
[Round "4.12"]
[White "Pessotschinski, Lars"]
[Black "Scallan, Cillian"]
[Result "0-1"]
[WhiteElo "1692"]
[BlackElo "1134"]
[PlyCount "36"]
[EventDate "2018.??.??"]
[EventType "swiss"]
[EventRounds "7"]
[EventCountry "GER"]
[WhiteTeam "TuS Makkabi"]

1. e4 e5 2. Nf3 Nc6 3. d4 exd4 4. Nxd4 Nf6 5. Nxc6 bxc6 6. Nc3 Bb4 7. Bd3 O-O
8. Bd2 Re8 9. Qe2 d5 10. f3 Bf5 11. e5 Bxd3 12. cxd3 d4 13. Nb1 Bd6 14. f4 Nd7
15. O-O f6 16. e6 f5 17. Qf2 Rxe6 18. Qxd4 Bc5 0-1

[Event "HEM C-Turnier"]
[Site "Frankfurt-Zeilsheim"]
[Date "2018.05.11"]
[Round "4.13"]
[White "Lassek, Bjarne"]
[Black "Goodwin, David"]
[Result "0-1"]
[WhiteElo "993"]
[BlackElo "1539"]
[PlyCount "52"]
[EventDate "2018.??.??"]
[EventType "swiss"]
[EventRounds "7"]
[EventCountry "GER"]
[WhiteTeam "SC Nied"]
[BlackTeam "SV Kelsterbach"]

1. e4 g6 2. d4 Bg7 3. Nf3 d6 4. Nc3 a6 5. a4 Nd7 6. Bc4 e6 7. Bf4 b6 8. O-O Bb7
9. e5 d5 10. Bd3 c5 11. Bg5 Qc8 12. b3 cxd4 13. Ne2 Nxe5 14. Nfxd4 Nxd3 15.
Qxd3 Nf6 16. b4 O-O 17. c3 Ne4 18. Be3 Nd6 19. Bf4 e5 20. b5 exf4 21. Nxf4 Qc4
22. Qe3 Rfe8 23. Qd2 Ne4 24. Qd3 Qxd3 25. Nxd3 Nxc3 26. Rad1 Nxd1 0-1